Campeones de MotoGP y 500Cc - Estadísticas

Estadísticas generales
  • Esta prueba ha sido intentada 314 veces
    183 desde el último reinicio
  • La puntuación promedio es 40 de 77
Estadísticas de respuestas
Año Piloto Moto % Correcto
2010 Jorge Lorenzo Yamaha
100%
2012 Jorge Lorenzo Yamaha
100%
2015 Jorge Lorenzo Yamaha
100%
2013 Marc Márquez Honda
99%
2014 Marc Márquez Honda
99%
2016 Marc Márquez Honda
99%
2017 Marc Márquez Honda
99%
2018 Marc Márquez Honda
99%
2019 Marc Márquez Honda
99%
2025 Marc Márquez Ducati
99%
2001 Valentino Rossi Honda
99%
2002 Valentino Rossi Honda
99%
2003 Valentino Rossi Honda
99%
2004 Valentino Rossi Yamaha
99%
2005 Valentino Rossi Yamaha
99%
2008 Valentino Rossi Yamaha
99%
2009 Valentino Rossi Yamaha
99%
2022 Francesco Bagnaia Ducati
93%
2023 Francesco Bagnaia Ducati
93%
2007 Casey Stoner Ducati
87%
2011 Casey Stoner Honda
87%
2021 Fabio Quartararo Yamaha
85%
2024 Jorge Martin Ducati
85%
2020 Joan Mir Suzuki
83%
2006 Nicky Hayden Honda
68%
1966 Giacomo Agostini MV Agusta
66%
1967 Giacomo Agostini MV Agusta
66%
1968 Giacomo Agostini MV Agusta
66%
1969 Giacomo Agostini MV Agusta
66%
1970 Giacomo Agostini MV Agusta
66%
1971 Giacomo Agostini MV Agusta
66%
1972 Giacomo Agostini MV Agusta
66%
1975 Giacomo Agostini Yamaha
66%
1994 Michael Doohan Honda
65%
1995 Michael Doohan Honda
65%
1996 Michael Doohan Honda
65%
1997 Michael Doohan Honda
65%
1998 Michael Doohan Honda
65%
1999 Álex Crivillé Honda
62%
1978 Kenny Roberts Yamaha
39%
1979 Kenny Roberts Yamaha
39%
1980 Kenny Roberts Yamaha
39%
2000 Kenny Roberts Jr Suzuki
39%
1990 Wayne Rainey Yamaha
34%
1991 Wayne Rainey Yamaha
34%
1992 Wayne Rainey Yamaha
34%
1993 Kevin Schwantz Suzuki
30%
1956 John Surtees MV Agusta
24%
1958 John Surtees MV Agusta
24%
1959 John Surtees MV Agusta
24%
1960 John Surtees MV Agusta
24%
1984 Eddie Lawson Yamaha
22%
1986 Eddie Lawson Yamaha
22%
1988 Eddie Lawson Yamaha
22%
1989 Eddie Lawson Honda
22%
1987 Wayne Gardner Honda
21%
1983 Freddie Spencer Honda
18%
1985 Freddie Spencer Honda
18%
1976 Barry Sheene Suzuki
16%
1977 Barry Sheene Suzuki
16%
1962 Mike Hailwood MV Agusta
15%
1963 Mike Hailwood MV Agusta
15%
1964 Mike Hailwood MV Agusta
15%
1965 Mike Hailwood MV Agusta
15%
1973 Phil Read MV Agusta
13%
1974 Phil Read MV Agusta
13%
1982 Franco Uncini Suzuki
11%
1951 Geoff Duke Norton
11%
1953 Geoff Duke Gilera
11%
1954 Geoff Duke Gilera
11%
1955 Geoff Duke Gilera
11%
1949 Leslie Graham AJS
11%
1957 Libero Liberati Gilera
10%
1981 Marco Lucchinelli Suzuki
10%
1961 Gary Hocking MV Agusta
8%
1950 Umberto Masetti Gilera
7%
1952 Umberto Masetti Gilera
7%
No se encontraron pruebas coincidentes
Distribución de puntuación
Porcentaje de gente con cada puntuación
Porcentaje por número respondido
Historial de tus puntuaciones
No has intentado esta prueba desde el último reinicio